[Event "World Rapid 2025"]
[Site "Doha QAT"]
[Date "2025.12.26"]
[Round "3.74"]
[White "Daneshvar, Bardiya"]
[Black "AlJamaat, Khaled"]
[Result "1-0"]
[WhiteTitle "GM"]
[WhiteElo "2600"]
[BlackElo "1719"]
[WhiteFideId "12576468"]
[BlackFideId "12102415"]
[EventDate "2025.12.26"]
[EventType "rapid"]

1. e4 e5 2. Nf3 Nc6 3. Bb5 a6 4. Ba4 Nf6 5. d3 Bc5 6. c3 b5 7. Bb3 d6 8. Bg5 h6
9. Bh4 Ne7 10. d4 exd4 11. Bxf6 gxf6 12. Nxd4 Rg8 13. Qh5 Rg6 14. Nd2 Bxd4 15.
cxd4 c5 16. O-O c4 17. Bc2 Bb7 18. a4 Qb6 19. axb5 axb5 20. Rxa8+ Bxa8 21. Nf3
b4 22. Ba4+ Bc6 23. Bxc6+ Qxc6 24. Re1 c3 25. bxc3 bxc3 26. Qa5 c2 27. d5 Qc8
28. Rc1 Qg4 29. Qa8+ Kd7 30. Qa4+ Kd8 31. Ne1 f5 32. Qxc2 Ke8 33. exf5 Qxf5 34.
Qxf5 Nxf5 35. Nd3 Ne7 36. Nf4 Rg5 37. Rd1 Kd7 38. g3 Kc7 39. Kg2 Kb6 40. h4 Re5
41. Kf3 Kb5 42. Rb1+ Kc4 43. Rc1+ Kd4 44. Rc7 Nxd5 45. Rxf7 Nxf4 46. Rxf4+ Kc3
47. Rf6 d5 48. Rxh6 d4 49. Rc6+ Kb2 50. Rd6 Kc3 51. g4 d3 52. h5 d2 53. h6 Re6
54. Rxd2 Kxd2 55. g5 Re8 56. h7 Kd3 57. g6 Rf8+ 58. Kg4 Rxf2 59. h8=Q Rg2+ 60.
Kf3 1-0

[Event "World Rapid 2025"]
[Site "Doha QAT"]
[Date "2025.12.26"]
[Round "3.75"]
[White "Kuandykuly, Danis"]
[Black "Vakhidov, Jakhongir"]
[Result "0-1"]
[WhiteTitle "FM"]
[BlackTitle "GM"]
[WhiteElo "2372"]
[BlackElo "2516"]
[WhiteFideId "13752260"]
[BlackFideId "14201801"]
[EventDate "2025.12.26"]
[EventType "rapid"]

1. e4 c5 2. Nf3 g6 3. d4 cxd4 4. Nxd4 Bg7 5. c4 Qb6 6. Nb3 Qc7 7. Nc3 Bxc3+ 8.
bxc3 Nf6 9. Bh6 Rg8 10. Bd3 Nc6 11. Be3 d6 12. f4 Ng4 13. Bd2 f5 14. Qe2 Nf6 15.
Nd4 Nxd4 16. cxd4 fxe4 17. Bxe4 Nxe4 18. Qxe4 Qxc4 19. Kf2 Bf5 20. Qxb7 Qxd4+
21. Be3 Qe4 22. Qxe4 Bxe4 23. Rhc1 Kd7 24. Rc4 Bd5 25. Ra4 a6 26. Rd1 Bc6 27.
Rb4 Rgf8 28. Kg3 Rab8 29. Rdb1 Rxb4 30. Rxb4 Rf5 31. a3 Rd5 32. Rb3 Rd1 33. Kf2
Rh1 34. Kg3 Ra1 35. Bd4 Ra2 36. Bf2 a5 37. Rd3 a4 38. h4 h5 39. Re3 Bd5 40. Be1
Rxg2+ 41. Kh3 Rg1 42. Bf2 Ra1 43. Be1 Ra2 44. Kg3 e6 45. Kh3 Bc4 46. Kg3 d5 47.
Bb4 Rb2 48. Rc3 Rb1 49. Re3 Rg1+ 50. Kf3 d4 51. Re4 Bd5 52. Kf2 Rd1 53. Re5 Rh1
54. Kg3 Rg1+ 55. Kh3 Rf1 56. Rg5 Be4 57. Ra5 Rf3+ 58. Kh2 Bd5 59. Rxa4 d3 60.
Kg1 Rxf4 61. Ra7+ Kc6 62. Be1 Re4 63. Kf1 Bc4 64. Bd2 Re2 65. Bf4 d2 66. Rc7+
Kb6 67. Bxd2 Kxc7 0-1

[Event "World Rapid 2025"]
[Site "Doha QAT"]
[Date "2025.12.26"]
[Round "3.76"]
[White "Al-Janahi, Ibrahim"]
[Black "Materia, Marco"]
[Result "0-1"]
[BlackTitle "IM"]
[WhiteElo "1656"]
[BlackElo "2497"]
[WhiteFideId "12102385"]
[BlackFideId "45150451"]
[EventDate "2025.12.26"]
[EventType "rapid"]

1. d4 Nf6 2. c4 e6 3. Nc3 Bb4 4. e3 O-O 5. Bd3 d5 6. Nf3 dxc4 7. Bxc4 c5 8. a3
Bxc3+ 9. bxc3 Qc7 10. Be2 b6 11. O-O Ba6 12. Bxa6 Nxa6 13. Re1 Qb7 14. Qd3 Rfd8
15. e4 cxd4 16. cxd4 Nc5 17. Qc2 Ncxe4 18. Ng5 Rxd4 19. Be3 Rc8 20. Qe2 Rdc4 21.
Rad1 b5 22. Nxe4 Nxe4 23. Bd4 Nc3 24. Bxc3 Rxc3 25. Qd2 h6 26. Re3 Rxe3 27. Qxe3
a5 28. Rb1 b4 29. axb4 axb4 30. h3 Rb8 31. Rb3 Qd5 32. Qd3 Qxd3 33. Rxd3 b3 34.
Rd1 b2 35. Rb1 Kh7 36. Kf1 Kg6 37. Ke2 Kf5 38. Kf3 Rb3+ 39. Ke2 e5 40. Kd2 Kf4
41. Kc2 Rb7 42. Kd3 h5 43. g3+ Kf3 44. g4 hxg4 45. hxg4 0-1

[Event "World Rapid 2025"]
[Site "Doha QAT"]
[Date "2025.12.26"]
[Round "3.77"]
[White "Fandi, Mazen"]
[Black "Gan-Erdene, Sugar"]
[Result "1/2-1/2"]
[WhiteTitle "FM"]
[BlackTitle "IM"]
[WhiteElo "2304"]
[BlackElo "2444"]
[WhiteFideId "7611625"]
[BlackFideId "4902980"]
[EventDate "2025.12.26"]
[EventType "rapid"]

1. e4 c5 2. Nf3 d6 3. d4 cxd4 4. Nxd4 Nf6 5. Nc3 Nc6 6. f3 e5 7. Nb3 h6 8. Be3
Be7 9. Qd2 a5 10. Bb5 O-O 11. O-O Be6 12. Rad1 Na7 13. Be2 Nc8 14. Bb5 Nb6 15.
Qf2 Nc4 16. Bxc4 Bxc4 17. Rfe1 a4 18. Nc5 Qe8 19. N5xa4 Nd7 20. b3 Be6 21. Nb5
Qb8 22. c4 Bxc4 23. Nac3 Bxb5 24. Nxb5 Ra6 25. Rd2 Nf6 26. Red1 Rc6 27. a4 Qd8
28. Rd3 Qd7 29. Qd2 Qe6 30. Nxd6 Bxd6 31. Rxd6 Rxd6 32. Qxd6 Qxb3 33. Re1 Re8
34. a5 Re6 35. Qd1 Qb5 36. Qd2 Rc6 37. Bb6 Kh7 38. Rc1 Rxc1+ 39. Qxc1 Nh5 40. g3
Qe2 41. Qe3 Qd1+ 42. Kg2 Nf6 43. Qg1 Qb3 44. Qe3 Qa2+ 45. Qf2 Qb1 46. Qc5 Nd7
47. Qc7 Nxb6 48. axb6 Qa2+ 49. Kh3 Qe6+ 50. Kg2 Qa2+ 51. Kh3 Qe6+ 52. g4 Qb3 53.
Kg2 Qe3 54. Qxb7 Qe2+ 55. Kg3 Qe1+ 56. Kg2 Qe2+ 57. Kg3 Qe1+ 58. Kg2 1/2-1/2

[Event "World Rapid 2025"]
[Site "Doha QAT"]
[Date "2025.12.26"]
[Round "3.78"]
[White "Maksimovic, Bojan"]
[Black "Berend, Fred"]
[Result "1-0"]
[WhiteTitle "GM"]
[BlackTitle "IM"]
[WhiteElo "2533"]
[BlackElo "2213"]
[WhiteFideId "14408120"]
[BlackFideId "4000102"]
[EventDate "2025.12.26"]
[EventType "rapid"]

1. d4 Nf6 2. Bg5 Ne4 3. h4 c6 4. Nd2 d5 5. Nxe4 dxe4 6. e3 h6 7. Bf4 Nd7 8. Ne2
Qa5+ 9. c3 e5 10. dxe5 Nxe5 11. Ng3 Ng6 12. Nxe4 Nxf4 13. exf4 Qc7 14. Qf3 Bf5
15. O-O-O Be7 16. g4 Bxe4 17. Qxe4 O-O 18. Bd3 f5 19. Qc4+ Kh8 20. Bxf5 b5 21.
Qe4 Bd6 22. Kb1 Rad8 23. Rhe1 Bxf4 24. Rxd8 Rxd8 25. Qe8+ 1-0

[Event "World Rapid 2025"]
[Site "Doha QAT"]
[Date "2025.12.26"]
[Round "3.79"]
[White "Najer, Evgeniy"]
[Black "Assylov, Miras"]
[Result "0-1"]
[WhiteTitle "GM"]
[BlackTitle "FM"]
[WhiteElo "2619"]
[BlackElo "2393"]
[WhiteFideId "4118987"]
[BlackFideId "13728873"]
[EventDate "2025.12.26"]
[EventType "rapid"]

1. e4 c5 2. Nf3 d6 3. d4 cxd4 4. Nxd4 Nf6 5. Nc3 Nc6 6. Bg5 e6 7. Qd2 a6 8.
O-O-O Bd7 9. Kb1 Be7 10. Nxc6 Bxc6 11. f3 b5 12. Ne2 Nxe4 13. fxe4 Bxg5 14. Qxd6
Qxd6 15. Rxd6 Bxe4 16. Nc3 Bb7 17. a4 Ke7 18. Rb6 Rab8 19. axb5 a5 20. Bd3 Be3
21. Ra6 Bxa6 22. bxa6 Rhc8 23. Ka2 g6 24. Nb5 f5 25. Re1 Bf2 26. Re2 Bg1 27. Re1
Bb6 28. b3 Rc5 29. Bc4 e5 30. Nc3 Bc7 31. Nd5+ Kd6 32. Rd1 Kc6 33. Nc3 e4 34.
Bd5+ Rxd5 35. Rxd5 Ra8 36. h3 Rxa6 37. g4 f4 38. Rd4 e3 39. Rc4+ Kd7 40. Nd5 Rc6
41. Re4 Rxc2+ 42. Ka3 Bd6+ 43. Ka4 Kc6 0-1

[Event "World Rapid 2025"]
[Site "Doha QAT"]
[Date "2025.12.26"]
[Round "3.80"]
[White "Smirnov, Mark"]
[Black "Nguyen, Ngoc Truong Son"]
[Result "1-0"]
[WhiteTitle "FM"]
[BlackTitle "GM"]
[WhiteElo "2420"]
[BlackElo "2600"]
[WhiteFideId "13764594"]
[BlackFideId "12401110"]
[EventDate "2025.12.26"]
[EventType "rapid"]

1. Nf3 Nf6 2. b3 d5 3. Bb2 e6 4. e3 Be7 5. c4 O-O 6. Nc3 c5 7. cxd5 exd5 8. d4
Nc6 9. Be2 Bg4 10. dxc5 Bxc5 11. O-O Rc8 12. Rc1 Be7 13. h3 Bh5 14. Nb5 Ne4 15.
Nfd4 Bxe2 16. Qxe2 Qd7 17. Qg4 Qxg4 18. hxg4 Nxd4 19. Nxd4 g6 20. f3 Ng5 21. Kf2
Ne6 22. Nb5 Rfd8 23. Rh1 a6 24. Nd4 Nxd4 25. Bxd4 Bd6 26. Bf6 Rxc1 27. Rxc1 Re8
28. Rd1 Bc5 29. Bg5 Kg7 30. Rxd5 b6 31. Bf4 Re6 32. g5 Kf8 33. Ke2 Ke7 34. Re5
Rxe5 35. Bxe5 b5 36. f4 Ke6 37. Bd4 Bf8 38. e4 h6 39. gxh6 Bxh6 40. Kf3 f5 41.
g4 fxg4+ 42. Kxg4 Bf8 43. Kg5 Kf7 44. f5 gxf5 45. Kxf5 Ba3 46. Bc3 Ke7 47. Ke5 1-0

[Event "World Rapid 2025"]
[Site "Doha QAT"]
[Date "2025.12.26"]
[Round "3.81"]
[White "Altini, Nicola"]
[Black "Harshavardhan, G B"]
[Result "0-1"]
[WhiteTitle "IM"]
[BlackTitle "IM"]
[WhiteElo "2360"]
[BlackElo "2477"]
[WhiteFideId "833924"]
[BlackFideId "25059009"]
[EventDate "2025.12.26"]
[EventType "rapid"]

1. d4 Nf6 2. c4 e6 3. Nc3 Bb4 4. e3 b6 5. Ne2 Bb7 6. a3 Bd6 7. f4 c5 8. d5 exd5
9. cxd5 Qe7 10. Qd3 Na6 11. e4 c4 12. Qf3 Nc5 13. e5 Nd3+ 14. Kd1 Bxe5 15. fxe5
Qxe5 16. Bf4 Qf5 17. Bg3 Nxb2+ 18. Kd2 Qxf3 19. gxf3 Nxd5 20. Nxd5 Bxd5 21. Be5
Nd3 22. Bxg7 Rg8 23. Nc3 Bxf3 24. Bxd3 Rxg7 25. Rhe1+ Kf8 26. Bxc4 Rc8 27. Be2
Rg2 28. Rac1 Rxh2 29. Kd3 Bc6 30. Bg4 h5 31. Bf5 h4 32. Be4 Rh3+ 33. Kd4 Re8 34.
Bxc6 Rxe1 35. Rxe1 dxc6 36. Re4 b5 37. Nb1 Rh1 38. Nd2 h3 39. Rh4 h2 40. Kd3 c5
41. Kc2 c4 42. Nf3 Ra1 43. Rxh2 Rxa3 44. Rh3 Rd3 45. Ng5 Rxh3 46. Nxh3 b4 47.
Nf4 a5 48. Nd5 c3 49. Ne3 Kg7 50. Kb3 Kh6 51. Nf5+ Kg5 52. Nd4 f5 53. Ka4 f4 54.
Kxa5 c2 55. Nxc2 b3 56. Ne1 b2 57. Nf3+ Kg4 58. Nd2 f3 59. Kb4 f2 60. Kc3 f1=Q
61. Nxf1 b1=Q 62. Nd2 Qc1+ 63. Kd3 Kf4 64. Nc4 Qd1+ 65. Kc3 Ke4 66. Nd2+ Kd5 67.
Nb3 Qe1+ 68. Kd3 Qg3+ 69. Kc2 Kc4 70. Nd2+ Kb4 71. Ne4 Qe3 72. Nd2 Qe2 73. Kc1
Kc3 74. Nb1+ Kd3 75. Na3 Qa2 0-1

[Event "World Rapid 2025"]
[Site "Doha QAT"]
[Date "2025.12.26"]
[Round "3.82"]
[White "Mitrabha, Guha"]
[Black "Anwoir, Tarik"]
[Result "1-0"]
[WhiteTitle "GM"]
[WhiteElo "2508"]
[BlackElo "2098"]
[WhiteFideId "5057000"]
[BlackFideId "9004904"]
[EventDate "2025.12.26"]
[EventType "rapid"]

1. d4 d5 2. Nf3 c6 3. c4 Nf6 4. cxd5 cxd5 5. Nc3 Nc6 6. Bf4 a6 7. Rc1 e6 8. e3
Bd6 9. Bg5 h6 10. Bh4 O-O 11. Bd3 Re8 12. O-O Bd7 13. Bb1 Be7 14. a3 Rc8 15. Qd3
b5 16. Bxf6 Bxf6 17. Qh7+ Kf8 18. Rfe1 Na5 19. e4 dxe4 20. Rxe4 Bc6 21. Rf4 Bxf3
22. gxf3 Bg5 23. Rxf7+ Kxf7 24. Bg6+ Kf8 25. Qh8+ Ke7 26. Qxg7+ Kd6 27. Ne4+ Kd5 1-0

[Event "World Rapid 2025"]
[Site "Doha QAT"]
[Date "2025.12.26"]
[Round "3.83"]
[White "Abdilkhair, Abilmansur"]
[Black "Bharath, Subramaniyam H"]
[Result "0-1"]
[WhiteTitle "IM"]
[BlackTitle "GM"]
[WhiteElo "2378"]
[BlackElo "2576"]
[WhiteFideId "13716417"]
[BlackFideId "46634827"]
[EventDate "2025.12.26"]
[EventType "rapid"]

1. e4 c5 2. Nf3 Nc6 3. d4 cxd4 4. Nxd4 e5 5. Nf5 Nf6 6. Nc3 d5 7. exd5 Bxf5 8.
dxc6 Qxd1+ 9. Nxd1 bxc6 10. Ne3 Be6 11. Ba6 Rb8 12. Nc4 Nd7 13. Be3 f5 14. g3 g5
15. Bxg5 Nc5 16. Bf6 Nxa6 17. Bxh8 Bxc4 18. Bxe5 Rb5 19. Bh8 Bb4+ 20. c3 Be7 21.
b3 Bd3 22. O-O-O Be4 23. Rhe1 Nc5 24. Re3 Bg5 25. f4 Be7 26. g4 Ne6 27. Be5 Rxe5 0-1

[Event "World Rapid 2025"]
[Site "Doha QAT"]
[Date "2025.12.26"]
[Round "3.84"]
[White "Muntean, Victor"]
[Black "Isanzhulov, Arystan"]
[Result "0-1"]
[BlackTitle "IM"]
[WhiteElo "2169"]
[BlackElo "2419"]
[WhiteFideId "1054414"]
[BlackFideId "13711644"]
[EventDate "2025.12.26"]
[EventType "rapid"]

1. e4 c6 2. d4 d5 3. exd5 Qxd5 4. c4 Qd8 5. Nc3 g6 6. Nf3 Bg7 7. h3 Nh6 8. g4
O-O 9. Bg2 f5 10. g5 Nf7 11. Bf4 Nd7 12. O-O e5 13. dxe5 Ndxe5 14. Nxe5 Nxe5 15.
Qb3 Qd4 16. c5+ Kh8 17. Be3 Qc4 18. Rfd1 Qh4 19. Ne2 Qh5 20. Ng3 Qh4 21. Ne2 Qh5
22. Ng3 Nf3+ 23. Kf1 Nh2+ 24. Kg1 Nf3+ 25. Kf1 Qh4 26. Bxf3 f4 27. Bd4 Bxh3+ 28.
Kg1 fxg3 29. Bxg7+ Kxg7 30. Qc3+ Kg8 31. Rd4 gxf2+ 32. Kh2 Bg4+ 33. Kg2 Qh3+ 0-1

[Event "World Rapid 2025"]
[Site "Doha QAT"]
[Date "2025.12.26"]
[Round "3.85"]
[White "Hong, Andrew"]
[Black "Khubukshanov, Erdem"]
[Result "1-0"]
[WhiteTitle "GM"]
[BlackTitle "IM"]
[WhiteElo "2568"]
[BlackElo "2502"]
[WhiteFideId "2099438"]
[BlackFideId "54114527"]
[EventDate "2025.12.26"]
[EventType "rapid"]

1. e4 c5 2. Nf3 d6 3. d4 cxd4 4. Nxd4 Nf6 5. Nc3 a6 6. g3 e5 7. Nb3 Be7 8. Bg2
O-O 9. O-O Nbd7 10. Be3 b6 11. a4 Bb7 12. h3 Rc8 13. Qd3 Rc7 14. Rfc1 h6 15. Nd2
Nc5 16. Qe2 Qa8 17. b4 Ncxe4 18. Ncxe4 Nxe4 19. Bxe4 Bxe4 20. Nxe4 Qxe4 21. Qxa6
Rc3 22. Bxb6 Bh4 23. Re1 Qf5 24. Re3 Rxc2 25. Re2 Rc3 26. Qb7 Bxg3 27. fxg3
Rxg3+ 28. Rg2 Rxh3 29. Bf2 e4 30. Bd4 g6 31. Qe7 Qh5 32. Qf6 Rh1+ 33. Kf2 e3+
34. Kxe3 Qh3+ 35. Kf2 Qh4+ 36. Qxh4 Rxh4 37. Rd1 Rc8 38. a5 Rc4 39. a6 Rxb4 40.
a7 Ra4 41. Kg3 g5 42. Re2 Rhxd4 43. Rxd4 Rxa7 44. Rxd6 Ra3+ 45. Kg4 Kg7 46. Rf2
Ra4+ 47. Kg3 Ra8 48. Rdf6 Ra7 49. Rb6 Ra8 50. Rf3 Rc8 51. Ra3 f6 52. Kf3 h5 53.
Raa6 Rf8 54. Rb7+ Kg6 55. Raa7 Rg8 56. Rf7 Rb8 57. Rg7+ Kf5 58. Ra5+ Ke6 59. Ra3
Rb6 60. Rh7 h4 61. Kg4 Rb4+ 62. Kh3 Kf5 63. Rh6 Rf4 64. Ra5+ Ke6 65. Rxg5 1-0

[Event "World Rapid 2025"]
[Site "Doha QAT"]
[Date "2025.12.26"]
[Round "3.86"]
[White "Suleymenov, Alisher"]
[Black "Chanda, Sandipan"]
[Result "0-1"]
[WhiteTitle "GM"]
[BlackTitle "GM"]
[WhiteElo "2505"]
[BlackElo "2490"]
[WhiteFideId "13707833"]
[BlackFideId "5004225"]
[EventDate "2025.12.26"]
[EventType "rapid"]

1. d4 e6 2. c4 f5 3. g3 Nf6 4. Bg2 d5 5. Nh3 Bd6 6. O-O O-O 7. Nf4 c6 8. b3 e5
9. Nd3 e4 10. Ne5 Nbd7 11. Bf4 Qe7 12. Nxd7 Bxd7 13. Bg5 h6 14. Bxf6 Qxf6 15. e3
g5 16. cxd5 cxd5 17. Nc3 f4 18. exf4 gxf4 19. Qh5 Qg5 20. Qxg5+ hxg5 21. gxf4
gxf4 22. f3 e3 23. a3 Rac8 24. Rfc1 Rc6 25. Nxd5 Rxc1+ 26. Rxc1 Be6 27. Nb4 a5
28. Nd3 Bxb3 29. Bf1 Bxa3 30. Ra1 Bb4 31. Nxb4 axb4 32. Be2 Bc2 33. Ra5 Rd8 34.
d5 b3 35. Rb5 Kh8 36. Bc4 Rc8 37. Be2 Rg8+ 38. Kh1 Rg5 39. h4 Re5 40. Kg2 b6 41.
Kf1 Rh5 42. Bc4 Rxh4 43. d6 Rh1+ 44. Kg2 Rd1 45. Rxb6 Kg7 46. Kh3 Rd4 47. Be2
Rd2 48. Rb7+ Kg6 49. d7 Rxd7 50. Rb6+ Kg5 51. Kg2 Rd2 52. Kf1 Bd3 53. Bxd3 Rxd3
54. Rb5+ Kh4 55. Ke1 Kg3 56. Rb4 Kxf3 0-1

[Event "World Rapid 2025"]
[Site "Doha QAT"]
[Date "2025.12.26"]
[Round "3.87"]
[White "Volokitin, Andrei"]
[Black "Gharibyan, Mamikon"]
[Result "0-1"]
[WhiteTitle "GM"]
[BlackTitle "GM"]
[WhiteElo "2619"]
[BlackElo "2491"]
[WhiteFideId "14107090"]
[BlackFideId "13308300"]
[EventDate "2025.12.26"]
[EventType "rapid"]

1. e4 c5 2. Nf3 Nc6 3. Bb5 e6 4. O-O Nge7 5. d4 cxd4 6. Nxd4 Ng6 7. Be3 Be7 8.
c3 O-O 9. Nd2 a6 10. Be2 Nxd4 11. cxd4 b5 12. Bd3 Bb7 13. Qh5 Qe8 14. Rfe1 f6
15. Rad1 Qf7 16. g3 f5 17. f4 Bb4 18. d5 Rae8 19. a3 Bxd2 20. Rxd2 Rc8 21. Bb1
Kh8 22. Bd4 Rfe8 23. Rde2 fxe4 24. Bxe4 Kg8 25. dxe6 dxe6 26. Bxb7 Qxb7 0-1

[Event "World Rapid 2025"]
[Site "Doha QAT"]
[Date "2025.12.26"]
[Round "3.88"]
[White "Sasikiran, Krishnan"]
[Black "Balakrishnan, Praveen"]
[Result "1/2-1/2"]
[WhiteTitle "GM"]
[BlackTitle "GM"]
[WhiteElo "2538"]
[BlackElo "2507"]
[WhiteFideId "5004985"]
[BlackFideId "2064871"]
[EventDate "2025.12.26"]
[EventType "rapid"]

1. d4 Nf6 2. c4 e6 3. Nf3 d5 4. g3 Bb4+ 5. Bd2 Be7 6. Bg2 O-O 7. O-O Nbd7 8. Qc2
c6 9. a4 a5 10. Nc3 dxc4 11. Rfc1 Nd5 12. Ne4 b5 13. Neg5 g6 14. h4 N7f6 15. Ne5
Qb6 16. Ngf3 Kg7 17. Rd1 Bb4 18. e4 Bxd2 19. exd5 Bb4 20. dxc6 Ba6 21. h5 Nxh5
22. Nd7 Qxc6 23. Nxf8 Rxf8 24. d5 exd5 25. Nd4 Qb6 26. axb5 Bb7 27. Qe2 Nf6 28.
Qe5 h6 29. Bf3 Re8 30. Qf4 Bd6 31. Qd2 Bb4 32. Qf4 Ne4 33. Kg2 Bd6 34. Qe3 Bc5
35. Rac1 Nf6 36. Qc3 Bb4 37. Qc2 Bc5 1/2-1/2

[Event "World Rapid 2025"]
[Site "Doha QAT"]
[Date "2025.12.26"]
[Round "3.89"]
[White "Raja, Rithvik R"]
[Black "Muradli, Mahammad"]
[Result "1-0"]
[WhiteTitle "GM"]
[BlackTitle "GM"]
[WhiteElo "2541"]
[BlackElo "2581"]
[WhiteFideId "35007394"]
[BlackFideId "13409301"]
[EventDate "2025.12.26"]
[EventType "rapid"]

1. Nf3 d5 2. g3 g6 3. Bg2 Bg7 4. d4 Nf6 5. O-O O-O 6. c4 c6 7. b3 dxc4 8. bxc4
c5 9. Bb2 Qb6 10. Qb3 cxd4 11. Nxd4 Nfd7 12. e3 Nc6 13. Nc3 e6 14. Na4 Nxd4 15.
Bxd4 Qc7 16. Rab1 Bxd4 17. exd4 Rb8 18. Nc3 a6 19. c5 b5 20. Ne4 Bb7 21. Nd6
Bxg2 22. Kxg2 e5 23. dxe5 Qc6+ 24. Qf3 Qxc5 25. Ne4 Qxe5 26. Rbd1 Nc5 27. Rfe1
Nxe4 28. Rxe4 Qc7 29. Qf6 Rb6 30. Qd4 Rc6 31. h4 Rc4 32. Qd5 Rxe4 33. Qxe4 Rd8
34. Rxd8+ Qxd8 35. Qc6 Qa5 36. Qe8+ Kg7 37. Qe5+ Kf8 38. Qh8+ Ke7 39. Qe5+ Kd8
40. Qd5+ Kc8 41. Qxf7 Qc7 42. Qg8+ Kb7 43. h5 gxh5 44. f4 Qd7 45. Qg5 Qd2+ 46.
Kh3 Qd1 47. Qe7+ Kb6 48. Qe6+ Kc5 49. Kh2 Qd2+ 50. Kh3 Qd5 51. Qe7+ Kd4 52. Kh4
Qxa2 53. Qe5+ Kd3 54. f5 b4 55. f6 Qc4+ 56. Kxh5 Qf7+ 57. Kh4 b3 58. g4 Qd7 59.
Qe7 Qxe7 60. fxe7 b2 61. e8=Q b1=Q 62. Qd7+ Ke3 63. Qe6+ Kf3 64. Qf5+ 1-0

[Event "World Rapid 2025"]
[Site "Doha QAT"]
[Date "2025.12.26"]
[Round "3.90"]
[White "Gavrilescu, David"]
[Black "Ansat, Aldiyar"]
[Result "0-1"]
[WhiteTitle "GM"]
[BlackTitle "IM"]
[WhiteElo "2542"]
[BlackElo "2479"]
[WhiteFideId "1227190"]
[BlackFideId "13715658"]
[EventDate "2025.12.26"]
[EventType "rapid"]

1. e4 c5 2. Nf3 Nc6 3. Bb5 e6 4. Bxc6 bxc6 5. d3 Ne7 6. b3 f6 7. Nh4 d5 8. e5
Qa5+ 9. c3 Qc7 10. f4 Ng6 11. Qh5 Qf7 12. Nxg6 Qxg6 13. Qxg6+ hxg6 14. c4 g5 15.
fxg5 fxe5 16. Nd2 Bd6 17. Bb2 O-O 18. Ke2 a5 19. a4 Bd7 20. Raf1 Rf5 21. h4 Raf8
22. Bc3 Bc7 23. Nf3 e4 24. dxe4 Rf4 25. Nd2 d4 26. Bb2 Be8 27. Ba3 Bh5+ 28. Kd3
Rf2 29. Kc2 d3+ 30. Kc1 Be2 31. Rxf2 Rxf2 32. Bxc5 Rxg2 33. Be3 Be5 34. h5 Rg3
35. Bb6 Bc3 36. Nb1 Bb4 37. h6 Rxg5 38. hxg7 c5 39. Bc7 Bf3 40. Rf1 Bxe4 41. Nd2
Bf5 42. Be5 Rg2 43. Bf4 Kxg7 44. Re1 Kf6 45. Rf1 Re2 46. Rg1 e5 47. Bg5+ Ke6 48.
Rg3 Bc3 49. Kd1 e4 50. Bf4 Bd4 51. Bg5 Be5 52. Re3 Rg2 53. Bh6 Rg1+ 54. Re1 0-1

[Event "World Rapid 2025"]
[Site "Doha QAT"]
[Date "2025.12.26"]
[Round "3.91"]
[White "Sankalp, Gupta"]
[Black "Jumabayev, Rinat"]
[Result "0-1"]
[WhiteTitle "GM"]
[BlackTitle "GM"]
[WhiteElo "2557"]
[BlackElo "2560"]
[WhiteFideId "5097010"]
[BlackFideId "13702661"]
[EventDate "2025.12.26"]
[EventType "rapid"]

1. e4 e5 2. Nf3 Nc6 3. Nc3 Nf6 4. Bb5 Bd6 5. Ba4 O-O 6. d3 Re8 7. Bg5 Be7 8. O-O
d6 9. Bxc6 bxc6 10. d4 Nd7 11. Bxe7 Qxe7 12. Re1 Bb7 13. Qd3 Qf6 14. Rad1 a6 15.
b3 g6 16. h3 Re7 17. Re3 Rae8 18. d5 c5 19. Ne2 Kh8 20. Nh2 Qg7 21. c4 Bc8 22.
Kh1 Nf6 23. g4 h5 24. Rg1 Kg8 25. Rf3 Qh8 26. Rfg3 Kg7 27. Qe3 Qh7 28. R1g2 hxg4
29. hxg4 Rh8 30. f3 Ree8 31. Ng1 Qg8 32. Rh3 Rxh3 33. Nxh3 Qh7 34. Rg3 Qh4 35.
Kg2 Rh8 36. Qg5 Qxg5 37. Nxg5 Bd7 38. Nf1 a5 39. Rh3 Ra8 40. Nd2 a4 41. Kf2 axb3
42. axb3 Ra1 43. Rh4 Be8 44. Ke2 Nd7 45. Nh3 Nf8 46. Nf2 Nh7 47. Rh1 Ra2 48. Kd3
Bd7 49. Nd1 Ng5 50. Ne3 f6 51. Kc3 Ra8 52. Kd3 Kf7 53. Kc3 Ke7 54. Rh6 Rg8 55.
Kd3 Rg7 56. Rh8 Rh7 57. Rxh7+ Nxh7 58. Ndf1 Ng5 59. Ng3 Nxf3 60. Nh1 Kf7 61. Nf2
Kg7 62. Nc2 Kh6 63. b4 cxb4 64. Nxb4 Kg5 65. Na6 c5 66. Nc7 Nd4 67. Ke3 Kh4 68.
Kd3 Kg3 69. Ke3 Nc2+ 70. Ke2 Na3 71. Ne6 Nxc4 72. g5 fxg5 73. Nxg5 Bb5 74. Nf7
Kf4 75. Kd3 Nb6+ 76. Kd2 Nc8 77. Ke1 Ke3 78. Ng5 Bd7 79. Nd1+ Kf4 80. Nh7 Bg4
81. Nc3 Bf3 82. Nf6 Ke3 83. Nd1+ Bxd1 84. Kxd1 g5 85. Kc2 Kf3 0-1

[Event "World Rapid 2025"]
[Site "Doha QAT"]
[Date "2025.12.26"]
[Round "3.92"]
[White "Klukin, Kirill"]
[Black "Nogerbek, Kazybek"]
[Result "0-1"]
[WhiteTitle "IM"]
[BlackTitle "GM"]
[WhiteElo "2414"]
[BlackElo "2539"]
[WhiteFideId "24199273"]
[BlackFideId "13710427"]
[EventDate "2025.12.26"]
[EventType "rapid"]

1. d4 Nf6 2. c4 e6 3. Nc3 d5 4. cxd5 exd5 5. Bg5 Be7 6. e3 h6 7. Bh4 Bg4 8. Qc2
O-O 9. h3 Be6 10. Bd3 c5 11. dxc5 d4 12. exd4 Qxd4 13. Nf3 Qxc5 14. O-O Nc6 15.
a3 Rac8 16. Rac1 Nd4 17. Nxd4 Qxd4 18. Bg3 Nh5 19. Rfd1 Qb6 20. Bh2 Bg5 21. Ra1
Bb3 22. Qe2 Bxd1 23. Rxd1 Nf6 24. Bb1 Rfd8 25. Bd3 Re8 26. Qc2 Nh5 27. Be2 Nf4
28. Bg4 Ne6 29. Bg3 Bf6 30. Rd6 Qc5 31. Qb3 Be5 32. Ne4 Qc1+ 33. Rd1 Qxb2 34.
Qxb2 Bxb2 35. Nd6 Bxa3 36. Nxc8 Rxc8 37. Rd7 a5 38. Rxb7 Bc5 39. Rb5 a4 40. Ra5
a3 41. Bf4 h5 42. Bxe6 fxe6 43. Ra4 Rd8 44. Be3 Bxe3 45. fxe3 Rd3 46. Kf2 Kf7
47. Kf3 Kf6 48. Ke4 Rd2 49. Rxa3 Rxg2 50. Kf3 Rb2 51. Ra8 Kg5 52. Kg3 Kf5 53.
Kf3 Rb5 54. Rh8 Kg5 55. Kg3 Re5 56. h4+ Kg6 57. Kf4 Rf5+ 58. Kg3 Rf1 59. Kg2 Re1
60. Kf3 Rh1 61. Kg3 Rg1+ 62. Kf4 Rg4+ 63. Ke5 Rxh4 64. e4 Rg4 65. Re8 Kf7 66.
Ra8 Rg5+ 67. Kd6 Rb5 68. Rh8 Ra5 69. Kd7 Re5 70. Kd6 Rxe4 71. Rxh5 Rd4+ 72. Kc6
Kf6 73. Rh1 g5 74. Kc5 Rd5+ 75. Kc4 0-1

[Event "World Rapid 2025"]
[Site "Doha QAT"]
[Date "2025.12.26"]
[Round "3.93"]
[White "Droin, Augustin"]
[Black "Tran, Thanh Tu"]
[Result "1-0"]
[WhiteTitle "IM"]
[BlackTitle "IM"]
[WhiteElo "2480"]
[BlackElo "2402"]
[WhiteFideId "45105987"]
[BlackFideId "12401404"]
[EventDate "2025.12.26"]
[EventType "rapid"]

1. e4 c5 2. Nf3 e6 3. d4 cxd4 4. Nxd4 a6 5. g3 b5 6. Bg2 Bb7 7. O-O Nf6 8. Re1
Qc7 9. a4 b4 10. c3 Nc6 11. Nb3 d6 12. cxb4 Nxb4 13. Nc3 Be7 14. Bf4 e5 15. Be3
O-O 16. Rc1 Qd7 17. Na5 Rab8 18. Nc4 Bc6 19. a5 h6 20. Nb6 Qb7 21. Qd2 Rfd8 22.
Rcd1 Be8 23. h3 Nc6 24. Ra1 Nd7 25. Ncd5 Bf8 26. Rec1 Nc5 27. Ra3 Ne6 28. f4
Ned4 29. Bxd4 exd4 30. g4 f6 31. g5 fxg5 32. fxg5 h5 33. Rf3 Bg6 34. Rxf8+ Kxf8
35. Qf2+ Ke8 36. e5 Qf7 37. Rxc6 dxe5 38. Nc7+ Kf8 39. Rxg6 d3 40. Ne6+ Kg8 41.
Rxg7+ Qxg7 42. Nxg7 d2 43. Bf3 Kxg7 44. Bd1 Rd6 45. Nc4 1-0